Представление документа в формате RUSMARC

ПолеНазваниеЗначение
  Тип записи a
  Библиографический уровень m
001 Контрольный номер RU/SLIB/B/208747718
005 Дата корректировки 20220110161957.2
010 Индекс ISBN __
d Цена 0-45
100 Данные общей обработки __
a Данные общей обработки 20220110d1988 m y0rusy028902 ca
101 Язык документа 0_
a Язык текста rus
102 Страна публикации __
a Страна публикации RU
105 Кодированные данные (монография) __
a Кодированные данные (монография) a j 000yy
181 Поле кодированных данных: вид содержания _0
a Код вида содержания (ISBD) i
182 Поле кодированных данных: тип средства _0
a Код типа средства (ISBD) n
200 Заглавие и сведения об ответственности 1_
a Заглавие Содружество искусств на уроках литературы
e Сведения, относящиеся к заглавию кн. для учителя : Из опыта работы
f Первые сведения об ответственности З. С. Старкова
b Общее обозначение материала Текст
210 Выходные данные 1_
a Место издания М.
c Издательство Просвещение
d Дата издания 1988
215 Физическое описание __
a Объем 160 с.
c Иллюстрации/тип воспроизводства ил.
606 Тематические рубрики __
a Основная рубрика Образование. Педагогика
606 Тематические рубрики __
a Основная рубрика Методика преподавания учебных предметов
610 Ключевые слова 0_
a Ключевые слова уроки литературы; методика преподавания литературы; преподавание литературы
686 Индексы других классификаций __
a Классификационный индекс 74.268.39(=411.2); В74.26
700 Автор _1
a Фамилия Старкова
b Имя З. С.
4 Код отношения 070
801 Источник записи _0
a Страна RU
b Организация Муниципальное бюджетное учреждение культуры "Централизованная библиотечная система" г. Сургут (Центральная городская библиотека им. А. С. Пушкина)
g Правила каталогизации КиК/Уланова
801 Источник записи _1
a Страна RU
b Организация Муниципальное бюджетное учреждение культуры "Централизованная библиотечная система" г. Сургут (Центральная городская библиотека им. А. С. Пушкина)
g Правила каталогизации КиК/Уланова
852 Данные о местонахождении __
j Шифр хранения 74.268.39(=411.2)
c Каталожный индекс 74.268.3
i Авторский знак С 77
p Инвентарный номер 37659
901 Тип документа __
t Тип документа m
990 Данные о заказе (DOS) __
j Количество экземпляров (DOS) 2